The BCS glossary of ICT and computing terms / (Record no. 3743)

MARC details
000 -LEADER
fixed length control field 00862nam a22002292 4500
001 - CONTROL NUMBER
control field 0000018440
005 - DATE AND TIME OF LATEST TRANSACTION
control field 20151217145903.0
008 - FIXED-LENGTH DATA ELEMENTS--GENERAL INFORMATION
fixed length control field 091029s xx 000 0 eng d
020 ## - INTERNATIONAL STANDARD BOOK NUMBER
International Standard Book Number 0131479571 :
040 ## - CATALOGING SOURCE
Original cataloging agency KABU
Transcribing agency KABU
245 14 - TITLE STATEMENT
Title The BCS glossary of ICT and computing terms /
Statement of responsibility, etc. edited by The British Computer Society Schools Expert Panel Glossary Working Party.
250 ## - EDITION STATEMENT
Edition statement 11th ed.
260 ## - PUBLICATION, DISTRIBUTION, ETC. (IMPRINT)
Place of publication, distribution, etc. Harlow, England :
Name of publisher, distributor, etc. Pearson,
Date of publication, distribution, etc. 2005.
300 ## - PHYSICAL DESCRIPTION
Extent xix, 452 p.
650 #0 - SUBJECT ADDED ENTRY--TOPICAL TERM
Topical term or geographic name as entry element Electronic data processing
Form subdivision Dictionaries.
-- 0000177696
650 #0 - SUBJECT ADDED ENTRY--TOPICAL TERM
Topical term or geographic name as entry element Computers
Form subdivision Dictionaries.
-- 0000154250
650 #0 - SUBJECT ADDED ENTRY--TOPICAL TERM
Topical term or geographic name as entry element Information technology
Form subdivision Dictionaries.
-- 0000154249
710 2# - ADDED ENTRY--CORPORATE NAME
Corporate name or jurisdiction name as entry element British Computer Society Schools Expert Panel Glossary Working Party.
-- 0000177697
852 1# - LOCATION
-- 1570
908 ## - PUT COMMAND PARAMETER (RLIN)
Put command parameter 091029
950 ## - LOCAL HOLDINGS (RLIN)
-- 1
Holdings
Withdrawn status Lost status Source of classification or shelving scheme Not for loan Home library Current library Date acquired Total Checkouts Full call number Barcode Date last seen Price effective from Koha item type
    Library of Congress Classification   Kabarak, Main Campus Kabarak, Main Campus 17/12/2015   QA76.15 .B37 2005 c. 1 18252 17/12/2015 17/12/2015 General Collection
Designed with assistance from East African Informatics Ltd